| 000 | 01342nam a22002897i 4500 | ||
|---|---|---|---|
| 003 | URS | ||
| 005 | 20230817125824.0 | ||
| 008 | 170327s1978 ph ||||| |||| 00| 0 eng d | ||
| 040 |
_beng _cURS |
||
| 050 | 1 | 4 |
_aDS675.8 _b.R528 1978 |
| 100 | 1 |
_aRomero, Ma Corona S. _eauthor. |
|
| 245 | 1 | 0 |
_aRizal and the development of national consciousness : _ba textbook for the course on Rizal's life, works and writings / _cby Ma Corona S. Romero, Julita R. Sta Romana, Lourdes Y Santos ; Professor Esteban A De Ocampo, chairman, National Historical Institute, consultant. |
| 264 | 1 |
_aQuezon City : _bJMC Press, Inc., _c[date of publication not identified]. |
|
| 264 | 4 | _c©1978. | |
| 300 |
_avii, 192 pages : _billustrations ; _c25 cm. |
||
| 336 |
_2rdacontent _atext |
||
| 336 |
_2rdacontent _astill image |
||
| 337 |
_2rdamedia _aunmediated |
||
| 338 |
_2rdacarrier _avolume |
||
| 504 | _aIncludes bibliographical references and index. | ||
| 524 | _aRomero, M.C.S., Sta Romana, J.R., Santos, L.Y. (1978). Rizal and the development of national consciousness : a textbook for the course on Rizal's life, works and writings. Quezon City : JMC Press. | ||
| 600 | 1 | 0 |
_aRizal, José, _d1861-1896 |
| 650 | 0 |
_aNationalist _xBiography. _zPhilippines |
|
| 700 | 1 |
_aSta Romana, Julita R. _eauthor |
|
| 700 | 1 |
_aSantos, Lourdes Y. _eauthor |
|
| 942 |
_cF _2lcc |
||
| 999 |
_c72351 _d72350 |
||